| 000 | 01096cam a22003497a 4500 | ||
|---|---|---|---|
| 003 | CHAP | ||
| 005 | 20220817043153.0 | ||
| 008 | 971013s1979 r 00010 d | ||
| 010 | _a67394 | ||
| 011 | _a68366 | ||
| 035 | _a77838 | ||
| 040 | _cCHAP | ||
| 090 | _aFolleto 11920 | ||
| 100 | 0 | 0 |
_aDegtyarev, V. A. _931514 |
| 245 | 0 | _aHarvesting, processing and storage of grain | |
| 260 |
_aNew York : _bUnited Nations, _c1979 |
||
| 300 | _a46 p. | ||
| 490 | 0 |
_aAGRI - MECH report _v; 78 |
|
| 590 |
_aBATCH-UPD _b10 _c20130109 _lUCH01 _h2316 |
||
| 590 |
_aBATCH-UPD _b10 _c20130110 _lUCH01 _h0703 |
||
| 590 |
_aBATCH-UPD _b10 _c20130110 _lUCH01 _h2329 |
||
| 590 |
_aBATCH-UPD _b10 _c20130410 _lUCH01 _h0348 |
||
| 590 |
_aBATCH-UPD _b10 _c20130913 _lUCH01 _h1956 |
||
| 590 |
_aCONVERSION _b10 _c20130109 _lUCH01 _h1337 |
||
| 650 | 1 | 4 |
_aCereales _xAlmacenamiento. _921373 |
| 650 | 1 | 4 |
_aCereales _xProcesado. _921454 |
| 710 | 0 |
_aComisión Económica Europea. _925710 |
|
| 830 | 0 |
_aAGRI - MECH report _v; 78 |
|
| 901 | _aBK | ||
| 942 | _cFOLL | ||
| 949 |
_aFolleto 11920 _bBC _cFOLL _d-30710 _eTS1 _i77838 _mD _si |
||
| 999 |
_c67394 _d67394 |
||